An introduction to linear programming and game theory /
Guardado en:
| Autor Principal: | |
|---|---|
| Formato: | Libro |
| Idioma: | English |
| Publicado: |
New York :
Wiley,
c1988.
|
| Edición: | 2nd ed. |
| Materias: | |
| Acceso en línea: | Publisher description |
| Etiquetas: |
Agregar Etiqueta
Sin Etiquetas, Sea el primero en etiquetar este registro!
|
| LEADER | 01148pam a2200265 a 4500 | ||
|---|---|---|---|
| 001 | MAT.inmabb003619 | ||
| 008 | 870825s1988####nyua#####b####001#0#eng## | ||
| 005 | 20130315181310.0 | ||
| 245 | 1 | 3 | |a An introduction to linear programming and game theory / |c Paul R. Thie. |
| 250 | |a 2nd ed. | ||
| 260 | |a New York : |b Wiley, |c c1988. | ||
| 300 | |a xv, 396 p. : |b il. ; |c 23 cm. | ||
| 504 | |a Bibliografía: p. 377-379. | ||
| 505 | 0 | |a 1. Mathematical models -- 2. The linear programming model -- 3. The simplex method -- 4. Duality -- 5. Sensitivity analysis -- 6. Integer programming -- 7. The transportation problem -- 8. Other topics in linear programming -- 9. Two-person, zero-sum games -- 10. Other topics in game theory. | |
| 510 | 4 | |a MR, |c 89b:90002 | |
| 020 | |a 0471607185 (pbk.) | ||
| 020 | |a 0471624888 | ||
| 100 | 1 | |a Thie, Paul R., |d 1938- | |
| 650 | 0 | |a Linear programming. | |
| 650 | 0 | |a Game theory. | |
| 084 | |a 90-01 (90C05 91-01 91A06 91A10) |2 msc2000 | ||
| 010 | |a 87025232 | ||
| 040 | |a DLC |c DLC |d DLC | ||
| 856 | 4 | 2 | |3 Publisher description |u http://www.loc.gov/catdir/description/wiley035/87025232.html |
| 859 | |h 90 |i T429 |p A-6503 |b BIB. MATEMATICA | ||
